Karl Marx: critique de sa guerre des classes

Gespeichert in:
Bibliographische Detailangaben
1. Verfasser: Overbergh, Cyr van (auteur)
Format: Buch
Sprache:Französisch
Veröffentlicht: Bruselas Office du Livre 1951
Schriftenreihe:Collection d'Études Marxistes
Schlagworte:
Tags: Tag hinzufügen
Keine Tags, Fügen Sie den ersten Tag hinzu!

MARC

LEADER 00000nam a2200000 a 4500
001 UCZ5274
003 CL-VaPUC
008 951117e19510000BE |||||||||||||||||fre|d
082 0 4 |a 335.4  |b OVE  |2 21 
100 |a Overbergh, Cyr van  |e auteur  |9 349232 
245 1 0 |a Karl Marx: critique de sa guerre des classes 
300 |a 435 p 
600 0 |a Marx, Karl Heinrich,  |d 1818-1883  |9 861123 
942 |c BK 
945 |d 19951117 00:00:00  |a cmena 
260 |a Bruselas  |b Office du Livre  |c 1951 
650 0 |a Comunismo  |9 255588 
650 0 |a Doctrinas políticas  |9 255835 
650 0 |a Ideologías  |9 255200 
650 0 |a Clases sociales  |9 256858 
650 0 |a Estratificación social  |9 337692 
650 7 |a CONFLICTO DE CLASES  |2 CL-VaPUC  |9 337068 
583 |a last modification  |c 19951117 00:00:00  |k Rodrigo Vera 
490 0 |a Collection d'Études Marxistes 
999 |c 241594  |d 241592 
952 |0 0  |1 0  |4 0  |6 335_400000000000000_OVE_1951  |7 0  |8 P  |9 253966  |a BIBEDU  |b BIBEDU  |c BIBEDU_PB  |d 2019-11-19  |i 1573675  |o 335.4 OVE 1951  |p 1573675  |r 2024-01-25  |w 2019-11-19  |y BK  |k FIL